000 00249nam a2200121Ia 4500
005 20250424120333.0
008 250424s9999 xx 000 0 und d
022 _a09288430
245 0 _aTime
260 _aAmsterdam
260 _c2012
942 _cSR
999 _c38740
_d38740